Normal view
MARC view
- Soni, Pankaj
Entry Personal Name
001 - CONTROL NUMBER
- control field: 181600
003 - CONTROL NUMBER IDENTIFIER
- control field: OSt
005 - DATE AND TIME OF LATEST TRANSACTION
- control field: 20230529122657.0
008 - FIXED-LENGTH DATA ELEMENTS
- fixed length control field: 230529|| aca||aabn | a|a d
040 ## - CATALOGING SOURCE
- Original cataloging agency: OSt
- Transcribing agency: OSt
100 ## - HEADING--PERSONAL NAME
- Personal name: Soni, Pankaj
670 ## - SOURCE DATA FOUND
- Source citation: Work cat.: (OSt)159686: Soni, Pankaj, Textbook of Applied Anatomy & Physiology (for B.Sc. Nursing Students), 2022